[Event "CZE-chT1W 1516"]
[Site "Czech Republic"]
[Date "2016.02.28"]
[Round "9.5"]
[White "Korinek, Ondrej"]
[Black "Novotny, Michal"]
[Result "1/2-1/2"]
[WhiteElo "2328"]
[BlackElo "2278"]
[PlyCount "89"]
[EventDate "2015.10.11"]
[EventType "team-tourn"]
[EventRounds "11"]
[EventCountry "CZE"]
[SourceTitle "EXT 2017"]
[Source "ChessBase"]
[SourceDate "2016.10.25"]
[SourceVersion "1"]
[SourceVersionDate "2016.10.25"]
[SourceQuality "1"]
[WhiteTeam "Hradec Kralove"]
[BlackTeam "Polabiny"]
[WhiteTeamCountry "CZE"]
[BlackTeamCountry "CZE"]

1. e4 e6 2. d4 d5 3. Nd2 c5 4. exd5 Qxd5 5. Ngf3 cxd4 6. Bc4 Qd6 7. 0-0 Nf6 8. Nb3 Nc6 9. Nbxd4 Nxd4 10. Qxd4 Qxd4 11. Nxd4 Bd7 12. c3 Bc5 13. Nb3 Bb6 14. Bf4 Bc6 15. Be5 0-0-0 16. Bd4 Bxd4 17. Nxd4 Bd5 18. Bb3 e5 19. Nf5 Be4 20. Ne3 Bg6 21. Rfd1 Ne4 22. Bd5 Nc5 23. b3 Rhe8 24. c4 f5 25. f3 f4 26. Ng4 e4 27. fxe4 Bh5 28. h3 Nxe4 29. Bxe4 Rxe4 30. Rxd8+ Kxd8 31. Rd1+ Kc7 32. Kf2 Kc6 33. Rd5 Bxg4 34. hxg4 Re3 35. Rf5 Rc3 36. Rxf4 Rc2+ 37. Kf3 Rxa2 38. Rf7 g5 39. b4 b6 40. Rxh7 a5 41. Rh6+ Kc7 42. Rh7+ Kd6 43. Rh6+ Kc7 44. Rh7+ Kd6 45. Rh6+ 1/2-1/2

[Event "Pardubice op rap 26th"]
[Site "Pardubice"]
[Date "2015.07.23"]
[Round "8"]
[White "Korinek, Ondrej"]
[Black "Hansch, Stephan"]
[Result "1-0"]
[WhiteElo "2328"]
[BlackElo "2179"]
[PlyCount "103"]
[EventDate "2015.07.22"]
[EventType "swiss (rapid)"]
[EventRounds "9"]
[EventCountry "CZE"]
[SourceTitle "CBM 167 Extra"]
[Source "ChessBase"]
[SourceDate "2015.09.14"]
[SourceVersion "1"]
[SourceVersionDate "2015.09.14"]
[SourceQuality "1"]

1. e4 c5 2. Nf3 d6 3. d4 cxd4 4. Nxd4 Nf6 5. Nc3 a6 6. Be3 e5 7. Nb3 Be6 8. f3 Be7 9. Qd2 0-0 10. 0-0-0 a5 11. a4 Nbd7 12. g4 Nb6 13. g5 Nh5 14. Kb1 Nc4 15. Bxc4 Bxc4 16. Rhg1 b5 17. Nxb5 Bxb5 18. axb5 a4 19. Nc1 Nf4 20. Na2 Qc7 21. Rc1 Qc4 22. Bxf4 exf4 23. Qd3 Qc5 24. h4 Rfb8 25. c4 a3 26. Rg2 axb2 27. Rxb2 h6 28. Nb4 hxg5 29. hxg5 Bxg5 30. Qd5 Bf6 31. Qxc5 dxc5 32. Nc6 Bxb2 33. Kxb2 Rb6 34. Rd1 Ra4 35. Kb3 Ra8 36. Rd5 Ra1 37. Rxc5 Rf1 38. Nd4 Kf8 39. Rd5 g6 40. Kb4 Rb8 41. Kc5 Rc8+ 42. Kb4 Rb1+ 43. Nb3 Rf1 44. Rd3 g5 45. c5 g4 46. fxg4 f3 47. b6 Re1 48. Rxf3 Rxe4+ 49. Kb5 Ke7 50. Rd3 Rxg4 51. Na5 Rg5 52. Nc6+ 1-0

[Event "Pardubice op rap 26th"]
[Site "Pardubice"]
[Date "2015.07.23"]
[Round "6"]
[White "Korinek, Ondrej"]
[Black "Shilov, Sergej"]
[Result "1/2-1/2"]
[WhiteElo "2328"]
[BlackElo "2201"]
[PlyCount "86"]
[EventDate "2015.07.22"]
[EventType "swiss (rapid)"]
[EventRounds "9"]
[EventCountry "CZE"]
[SourceTitle "CBM 167 Extra"]
[Source "ChessBase"]
[SourceDate "2015.09.14"]
[SourceVersion "1"]
[SourceVersionDate "2015.09.14"]
[SourceQuality "1"]

1. e4 d6 2. d4 Nf6 3. Nc3 e5 4. Nf3 exd4 5. Nxd4 g6 6. Bc4 Bg7 7. 0-0 0-0 8. Bg5 h6 9. Bh4 Re8 10. f3 c6 11. Nde2 a5 12. a4 Na6 13. Qd2 Nc5 14. Rad1 Be6 15. Bxe6 Rxe6 16. Bf2 Nfd7 17. Nf4 Re8 18. Qxd6 Qb6 19. Qxd7 Nxd7 20. Bxb6 Nxb6 21. Nfe2 Nc4 22. Rd7 Nxb2 23. Rxb7 Nc4 24. Rd1 Rab8 25. Rdd7 Rxb7 26. Rxb7 Rd8 27. Rc7 Rd2 28. Rxc6 Ne3 29. Kf2 Nxc2 30. f4 Bxc3 31. Rxc3 Nd4 32. Ke3 Rxe2+ 33. Kxd4 Rxg2 34. h3 Ra2 35. Rc4 Ra3 36. Ke5 Kg7 37. h4 Rh3 38. Rc5 Rxh4 39. Rxa5 Rh1 40. f5 gxf5 41. exf5 h5 42. Kf4 h4 43. Rb5 Ra1 1/2-1/2

[Event "CZE-chT2D 1415"]
[Site "Czech Republic"]
[Date "2015.01.25"]
[Round "6.3"]
[White "Korinek, Ondrej"]
[Black "Fiala, Jaroslav"]
[Result "1-0"]
[WhiteElo "2331"]
[BlackElo "2173"]
[PlyCount "75"]
[EventDate "2014.11.02"]
[EventType "team-tourn"]
[EventRounds "11"]
[EventCountry "CZE"]
[SourceTitle "EXT 2022"]
[Source "ChessBase"]
[SourceDate "2021.10.06"]
[SourceVersion "1"]
[SourceVersionDate "2021.10.06"]
[SourceQuality "1"]
[WhiteTeam "Hradec Kralove II"]
[BlackTeam "Jicin II"]
[WhiteTeamCountry "CZE"]
[BlackTeamCountry "CZE"]

1. e4 c5 2. Nf3 d6 3. d4 cxd4 4. Nxd4 Nf6 5. Nc3 Nc6 6. Be2 e5 7. Nb3 Be7 8. 0-0 0-0 9. Be3 Be6 10. Bf3 Na5 11. Nxa5 Qxa5 12. Qd2 Qc7 13. Rfd1 Rfc8 14. Rac1 b5 15. Nxb5 Qb8 16. c4 Bxc4 17. Nc3 a5 18. Na4 Ra6 19. b3 Be6 20. h3 Qb7 21. Rxc8+ Bxc8 22. Bg5 h6 23. Bxf6 Bxf6 24. Be2 Qxe4 25. Bxa6 Bxa6 26. Qd5 Qc2 27. Qd2 Qe4 28. Nc3 Qc6 29. Qxd6 Qxc3 30. Qxa6 Qc2 31. Qd3 Qxa2 32. Qc4 g5 33. Rd7 Qb1+ 34. Kh2 Qg6 35. f3 Bg7 36. Qd5 h5 37. Rd6 Qc2 38. Rd8+ 1-0

[Event "CZE-chT2D 1314"]
[Site "Czech Republic"]
[Date "2014.02.16"]
[Round "8.3"]
[White "Korinek, Ondrej"]
[Black "Masek, Jan"]
[Result "1-0"]
[WhiteElo "2331"]
[BlackElo "1937"]
[PlyCount "65"]
[EventDate "2013.11.03"]
[EventType "team-tourn"]
[EventRounds "11"]
[EventCountry "CZE"]
[SourceTitle "EXT 2016"]
[Source "ChessBase"]
[SourceDate "2015.10.08"]
[SourceVersion "1"]
[SourceVersionDate "2015.10.08"]
[SourceQuality "1"]
[WhiteTeam "Hradec Kralove II"]
[BlackTeam "Havlickuv Brod"]
[WhiteTeamCountry "CZE"]
[BlackTeamCountry "CZE"]

1. e4 e5 2. Nf3 Nc6 3. Bb5 a6 4. Ba4 Nf6 5. 0-0 Be7 6. Re1 b5 7. Bb3 0-0 8. h3 Bb7 9. d3 d5 10. Nc3 dxe4 11. dxe4 Qxd1 12. Rxd1 Nd4 13. Bg5 Bc5 14. Nxe5 b4 15. Na4 Ba7 16. Bxf6 gxf6 17. Nd7 Kg7 18. Nac5 Bc8 19. Rxd4 Bxd7 20. Rxd7 Bxc5 21. Rxc7 Rac8 22. Rd7 Rcd8 23. Rad1 Bb6 24. Kf1 a5 25. Ke2 Kg6 26. f4 Rxd7 27. Rxd7 h6 28. Kf3 Bg1 29. g3 Bb6 30. c3 bxc3 31. bxc3 Bd8 32. Bxf7+ Rxf7 33. Rxd8 1-0

[Event "Pardubice op rap 24th"]
[Site "Pardubice"]
[Date "2013.07.18"]
[Round "7"]
[White "Novosadova, Kristyna"]
[Black "Korinek, Ondrej"]
[Result "0-1"]
[WhiteElo "2179"]
[BlackElo "2331"]
[PlyCount "70"]
[EventDate "2013.07.17"]
[EventType "swiss (rapid)"]
[EventRounds "9"]
[EventCountry "CZE"]
[SourceTitle "CBM 155 Extra"]
[Source "ChessBase"]
[SourceDate "2013.08.26"]
[SourceVersion "1"]
[SourceVersionDate "2013.08.26"]
[SourceQuality "1"]

1. e4 c5 2. Nf3 e6 3. d4 cxd4 4. Nxd4 a6 5. Bd3 Qc7 6. Nc3 Nf6 7. a3 d6 8. Qe2 Nbd7 9. f4 Be7 10. Bd2 b5 11. 0-0 Bb7 12. Rae1 h5 13. h3 h4 14. e5 dxe5 15. fxe5 Bc5 16. Rf4 Nd5 17. Nxd5 Bxd5 18. c3 Rf8 19. Qh5 0-0-0 20. Rxf7 Rxf7 21. Qxf7 Rf8 22. Qxg7 Qd8 23. Qh6 Rh8 24. Qf4 Rf8 25. Qe3 Rg8 26. Re2 Rg3 27. Qf4 Rxd3 28. Kh1 Rxh3+ 29. Kg1 Rg3 30. Be1 Rg8 31. Bxh4 Qe8 32. b4 Bb6 33. g3 Qh5 34. Rd2 Rg4 35. Qf2 Qxh4 0-1

[Event "CZE-chT1W 1213"]
[Site "Czech Republic"]
[Date "2013.01.13"]
[Round "5.4"]
[White "Freisler, Pavel"]
[Black "Korinek, Ondrej"]
[Result "1/2-1/2"]
[WhiteElo "2313"]
[BlackElo "2322"]
[PlyCount "150"]
[EventDate "2012.10.28"]
[EventType "team-tourn"]
[EventRounds "11"]
[EventCountry "CZE"]
[SourceTitle "EXT 2014"]
[Source "ChessBase"]
[SourceDate "2013.11.20"]
[SourceVersion "1"]
[SourceVersionDate "2013.11.20"]
[SourceQuality "1"]
[WhiteTeam "Praha Holdia II"]
[BlackTeam "Hradec Kralove"]
[WhiteTeamCountry "CZE"]
[BlackTeamCountry "CZE"]

1. Nf3 Nf6 2. c4 c5 3. Nc3 Nc6 4. g3 g6 5. Bg2 Bg7 6. 0-0 0-0 7. d4 cxd4 8. Nxd4 Qb6 9. Nb3 d6 10. Be3 Qd8 11. Rc1 Be6 12. c5 d5 13. Nd4 Bc8 14. Nxc6 bxc6 15. Bd4 Re8 16. f4 e6 17. Qa4 Bd7 18. e4 Re7 19. e5 Ne8 20. Rf2 Nc7 21. Bf1 Qb8 22. Qa5 Qb7 23. b4 Ree8 24. Rb2 Reb8 25. Bd3 Bf8 26. a3 Be7 27. Qa4 a5 28. Qc2 axb4 29. axb4 Be8 30. g4 Ra3 31. Rf1 Rba8 32. f5 Ra1 33. f6 Rxf1+ 34. Bxf1 Bf8 35. g5 Ra1 36. Rb1 Rxb1 37. Qxb1 Na6 38. Bxa6 Qxa6 39. Kf2 Bd7 40. Ne2 Bc8 41. Be3 Qc4 42. Nd4 Ba6 43. Qe1 Qa2+ 44. Qd2 Qa4 45. Kg3 Bf1 46. Kf2 Ba6 47. Qb2 Bd3 48. Qb3 Qa6 49. Bc1 Be4 50. Bb2 h6 51. h4 Kh7 52. Nf3 Qb5 53. Bd4 Qa6 54. Be3 h5 55. Nd4 Bd3 56. Qc3 Bc4 57. Kg3 Kg8 58. Bc1 Qa4 59. Nc2 Qa2 60. Qb2 Qa4 61. Ne3 Ba6 62. Qd2 Qa1 63. Bb2 Qg1+ 64. Ng2 Bb5 65. Qe1 Bf1 66. Qf2 Qh1 67. Bd4 Bxg2 68. Qxg2 Qe1+ 69. Qf2 Qxb4 70. Kf3 Qb3+ 71. Ke2 Qc2+ 72. Kf3 Qe4+ 73. Kg3 Kh7 74. Kh2 Kg8 75. Kg3 Kh7 1/2-1/2

[Event "CZE-chT2B 1213"]
[Site "Czech Republic"]
[Date "2012.12.02"]
[Round "4.1"]
[White "Korinek, Ondrej"]
[Black "Umanec, Filip"]
[Result "1-0"]
[WhiteElo "2322"]
[BlackElo "2293"]
[PlyCount "71"]
[EventDate "2012.10.14"]
[EventType "team-tourn"]
[EventRounds "11"]
[EventCountry "CZE"]
[SourceTitle "EXT 2015"]
[Source "ChessBase"]
[SourceDate "2014.11.20"]
[SourceVersion "1"]
[SourceVersionDate "2014.11.20"]
[SourceQuality "1"]
[WhiteTeam "Horice"]
[BlackTeam "Neratovice"]
[WhiteTeamCountry "CZE"]
[BlackTeamCountry "CZE"]

1. e4 d6 2. d4 Nf6 3. Nc3 Nbd7 4. g3 e5 5. Nge2 c6 6. a4 Be7 7. Bg2 0-0 8. 0-0 Re8 9. h3 Bf8 10. g4 exd4 11. Qxd4 d5 12. exd5 Nxd5 13. Nxd5 Rxe2 14. Ne3 h5 15. gxh5 Qg5 16. Qg4 Qxg4 17. hxg4 Ne5 18. Rd1 Rxe3 19. Bxe3 Bxg4 20. Rd4 Bxh5 21. Bf4 Ng6 22. Bg3 Re8 23. Rd7 Re2 24. Rxb7 f5 25. Bf1 Rd2 26. Bd3 Bg4 27. b4 a5 28. bxa5 f4 29. Bxg6 fxg3 30. Kg2 Bd6 31. Rf1 Be2 32. Rfb1 Bb5 33. axb5 Rxf2+ 34. Kh3 Rf6 35. Be4 Rf4 36. Bxc6 1-0

[Event "Pardubice op rap 23rd"]
[Site "Pardubice"]
[Date "2012.07.18"]
[Round "2"]
[White "Zakhartsov, Viacheslav V"]
[Black "Korinek, Ondrej"]
[Result "1-0"]
[WhiteElo "2547"]
[BlackElo "2325"]
[PlyCount "127"]
[EventDate "2012.07.18"]
[EventType "swiss (rapid)"]
[EventRounds "9"]
[EventCountry "CZE"]
[SourceTitle "CBM 149 Extra"]
[Source "ChessBase"]
[SourceDate "2012.08.24"]
[SourceVersion "1"]
[SourceVersionDate "2012.08.24"]
[SourceQuality "1"]

1. d4 Nf6 2. c4 e6 3. Nf3 b6 4. a3 Bb7 5. Nc3 Be7 6. d5 0-0 7. g3 Re8 8. Bg2 d6 9. 0-0 e5 10. e4 Nbd7 11. Ne1 c6 12. dxc6 Bxc6 13. Nc2 Nc5 14. Nb4 Bb7 15. Nbd5 Nxd5 16. exd5 Nd7 17. Re1 Rc8 18. Bf1 f5 19. f3 a6 20. Be3 Bf6 21. Qd2 Nc5 22. Qf2 Rb8 23. Qc2 g6 24. b4 Nd7 25. Qb3 Kg7 26. Ra2 Qc7 27. Rc1 Rec8 28. a4 Qd8 29. a5 bxa5 30. Rxa5 Qg8 31. Qa2 Bd8 32. Ra3 Bb6 33. Qf2 Qd8 34. Na4 Bxe3 35. Qxe3 a5 36. b5 Ra8 37. Rca1 Kg8 38. Kg2 Kg7 39. Qd2 Kg8 40. Qe3 Kg7 41. Be2 Kg8 42. f4 Qe7 43. Bf1 Kf7 44. Kg1 e4 45. Nb6 Nxb6 46. Qxb6 Qc7 47. Qxc7+ Rxc7 48. Rxa5 Rb8 49. Kf2 Kf6 50. Ke3 h6 51. Kd4 g5 52. b6 Rd7 53. c5 dxc5+ 54. Rxc5 Rd6 55. Rb1 Ba8 56. Ra5 Bb7 57. Bc4 Bc8 58. Kc5 Rd8 59. Bb5 h5 60. Bc6 h4 61. Ra8 Rxa8 62. Bxa8 Ba6 63. b7 Rb8 64. Rb6+ 1-0

[Event "Pardubice op rap 22nd"]
[Site "Pardubice"]
[Date "2011.07.20"]
[Round "2"]
[White "Lintchevski, Daniil"]
[Black "Korinek, Ondrej"]
[Result "1-0"]
[WhiteElo "2553"]
[BlackElo "2335"]
[PlyCount "99"]
[EventDate "2011.07.20"]
[EventType "swiss (rapid)"]
[EventRounds "9"]
[EventCountry "CZE"]
[SourceTitle "CBM 143 Extra"]
[Source "ChessBase"]
[SourceDate "2011.08.29"]
[SourceVersion "1"]
[SourceVersionDate "2011.08.29"]
[SourceQuality "1"]

1. e4 c5 2. Nf3 d6 3. d4 cxd4 4. Nxd4 Nf6 5. Nc3 a6 6. Be2 e5 7. Nb3 Be7 8. Bg5 Be6 9. Bxf6 Bxf6 10. Qd3 Nc6 11. 0-0-0 Nd4 12. Nxd4 exd4 13. Nd5 Bxd5 14. exd5 0-0 15. Qf3 Re8 16. Bd3 Re5 17. Kb1 Qe7 18. h4 Re8 19. a3 b5 20. g4 Qb7 21. g5 Bd8 22. Qg2 Qxd5 23. Qxd5 Rxd5 24. f4 Rc5 25. Rhe1 Re7 26. Rxe7 Bxe7 27. Re1 Rc7 28. Re4 d5 29. Rxd4 Rd7 30. Be4 Bc5 31. Rxd5 Rxd5 32. Bxd5 Kf8 33. b4 Bb6 34. c3 Ke7 35. Kc2 g6 36. Kd3 a5 37. Bc6 axb4 38. cxb4 Bf2 39. Bxb5 Bxh4 40. Bc4 f6 41. gxf6+ Bxf6 42. a4 Kd6 43. a5 Bd8 44. Bf7 Bc7 45. Kc4 Kd7 46. Kb5 Bxf4 47. Ka6 Kc7 48. b5 g5 49. b6+ Kb8 50. Kb5 1-0

[Event "CZE-chT1W 1011"]
[Site "Czech Republic"]
[Date "2010.11.14"]
[Round "3.7"]
[White "Korinek, Ondrej"]
[Black "Vokoun, Jan"]
[Result "1-0"]
[WhiteElo "2299"]
[BlackElo "2197"]
[PlyCount "53"]
[EventDate "2010.10.10"]
[EventType "team-tourn"]
[EventRounds "11"]
[EventCountry "CZE"]
[SourceTitle "EXT 2012"]
[Source "ChessBase"]
[SourceDate "2011.11.24"]
[SourceVersion "1"]
[SourceVersionDate "2011.11.24"]
[SourceQuality "1"]
[WhiteTeam "Hradec Kralove"]
[BlackTeam "Pankrac"]
[WhiteTeamCountry "CZE"]
[BlackTeamCountry "CZE"]

1. e4 d6 2. d4 Nf6 3. Nc3 e5 4. Nge2 Be7 5. g3 Bg4 6. Bg2 Qc8 7. h3 Bd7 8. g4 h6 9. Be3 a6 10. f4 Nc6 11. d5 Na5 12. b3 b5 13. a3 Nb7 14. Ng3 Nh7 15. 0-0 exf4 16. Bxf4 Nf8 17. Qd4 Rg8 18. Nh5 f6 19. Bxh6 c5 20. dxc6 Bxc6 21. Be3 Ne6 22. Qd2 Nbc5 23. Nd5 Bd8 24. Rad1 Qb7 25. Ng3 Bxd5 26. exd5 Nf8 27. Bxc5 1-0

[Event "CZE-chT1W 1011"]
[Site "Czech Republic"]
[Date "2010.10.31"]
[Round "2.8"]
[White "Korinek, Ondrej"]
[Black "Boukal, Petr"]
[Result "1-0"]
[WhiteElo "2299"]
[BlackElo "2210"]
[PlyCount "83"]
[EventDate "2010.10.10"]
[EventType "team-tourn"]
[EventRounds "11"]
[EventCountry "CZE"]
[SourceTitle "EXT 2012"]
[Source "ChessBase"]
[SourceDate "2011.11.24"]
[SourceVersion "1"]
[SourceVersionDate "2011.11.24"]
[SourceQuality "1"]
[WhiteTeam "Hradec Kralove"]
[BlackTeam "Praha Vysehrad"]
[WhiteTeamCountry "CZE"]
[BlackTeamCountry "CZE"]

1. e4 e6 2. d4 d5 3. Nd2 c5 4. Ngf3 cxd4 5. Nxd4 Nc6 6. Nxc6 bxc6 7. Bd3 Nf6 8. Qe2 g6 9. 0-0 Bg7 10. Re1 0-0 11. e5 Nd7 12. Nf3 f5 13. exf6 Nxf6 14. Bg5 Qd6 15. h3 Nh5 16. Ne5 Nf4 17. Bxf4 Rxf4 18. g3 Rf8 19. f4 Bb7 20. b3 Rae8 21. h4 Bxe5 22. Qxe5 Qxe5 23. Rxe5 Kg7 24. Kf2 Rf7 25. Rae1 Bc8 26. Ke3 Rc7 27. h5 Kf6 28. Rh1 g5 29. Rxg5 e5 30. Rxe5 Rxe5+ 31. fxe5+ Kxe5 32. h6 Kf6 33. Kf4 Rb7 34. a3 Rf7 35. g4 Ke7+ 36. Kg5 Kd6 37. Rf1 Re7 38. Rf8 Re5+ 39. Kf4 Bd7 40. Rf7 Re1 41. Rxh7 Rg1 42. Rg7 1-0

[Event "CZE-chT1W 0910"]
[Site "Czech Republic"]
[Date "2010.03.21"]
[Round "10.7"]
[White "Braun, Marek"]
[Black "Korinek, Ondrej"]
[Result "1/2-1/2"]
[WhiteElo "2108"]
[BlackElo "2305"]
[PlyCount "105"]
[EventDate "2009.10.11"]
[EventType "team-tourn"]
[EventRounds "11"]
[EventCountry "CZE"]
[SourceTitle "EXT 2011"]
[Source "ChessBase"]
[SourceDate "2010.11.26"]
[SourceVersion "1"]
[SourceVersionDate "2010.11.26"]
[SourceQuality "1"]
[WhiteTeam "Novoborsky II"]
[BlackTeam "Hradec Kralove"]
[WhiteTeamCountry "CZE"]
[BlackTeamCountry "CZE"]

1. d4 Nf6 2. c4 g6 3. Nc3 d5 4. cxd5 Nxd5 5. e4 Nxc3 6. bxc3 Bg7 7. Bc4 c5 8. Ne2 Nc6 9. Be3 0-0 10. 0-0 cxd4 11. cxd4 Na5 12. Bd3 b6 13. Rc1 e6 14. Qd2 Bb7 15. Rfd1 Qd7 16. Qb4 Rfc8 17. Bb5 Qd8 18. f3 a6 19. Bd3 Nc6 20. Qb1 b5 21. a4 Nxd4 22. axb5 Rxc1 23. Qxc1 Rc8 24. Qb1 a5 25. Kh1 e5 26. Bxd4 exd4 27. Qa2 Qc7 28. Ra1 Ra8 29. Rc1 Qd6 30. Rc4 Bc8 31. Qa4 Be6 32. Rc6 Qd8 33. Ra6 h5 34. g3 Kh7 35. Rxa8 Qxa8 36. Kg2 Qa7 37. Nc1 Bf8 38. Ne2 Bb4 39. Nf4 Qc5 40. Qc2 Bc8 41. Qxc5 Bxc5 42. Bc4 Kg7 43. Nd3 Bb6 44. Nb2 Bd7 45. Na4 Bd8 46. Kf2 Kf6 47. Ke2 g5 48. Kd3 Ke5 49. Nc5 Be8 50. Kc2 f6 51. Nd3+ Kd6 52. Kb3 Bc7 53. f4 1/2-1/2

[Event "CZE-chT1W 0910"]
[Site "Czech Republic"]
[Date "2009.11.01"]
[Round "2.8"]
[White "Korinek, Ondrej"]
[Black "Jurasek, Miroslav"]
[Result "1-0"]
[WhiteElo "2305"]
[BlackElo "2298"]
[PlyCount "41"]
[EventDate "2009.10.11"]
[EventType "team-tourn"]
[EventRounds "11"]
[EventCountry "CZE"]
[SourceTitle "EXT 2011"]
[Source "ChessBase"]
[SourceDate "2010.11.26"]
[SourceVersion "1"]
[SourceVersionDate "2010.11.26"]
[SourceQuality "1"]
[WhiteTeam "Hradec Kralove"]
[BlackTeam "Lysa nad Labem"]
[WhiteTeamCountry "CZE"]
[BlackTeamCountry "CZE"]

1. e4 c5 2. Nf3 e6 3. d4 cxd4 4. Nxd4 a6 5. Bd3 Nc6 6. Nxc6 bxc6 7. 0-0 Qc7 8. Qe2 Bd6 9. f4 e5 10. Nd2 exf4 11. Nc4 g5 12. e5 Bc5+ 13. Kh1 h5 14. h4 Bb7 15. hxg5 0-0-0 16. Bxf4 Re8 17. b4 Bf8 18. Qf2 Re6 19. Nd6+ Bxd6 20. exd6 Qd8 21. Qa7 1-0

[Event "Pardubice Czech op-A"]
[Site "Pardubice"]
[Date "2009.07.29"]
[Round "6"]
[White "Aliavdin, Nikolai"]
[Black "Korinek, Ondrej"]
[Result "1/2-1/2"]
[WhiteElo "2372"]
[BlackElo "2275"]
[PlyCount "34"]
[EventDate "2009.07.24"]
[EventType "swiss"]
[EventRounds "9"]
[EventCountry "CZE"]
[SourceTitle "CBM 131 Extra"]
[Source "ChessBase"]
[SourceDate "2009.09.03"]
[SourceVersion "2"]
[SourceVersionDate "2009.09.16"]
[SourceQuality "1"]

1. e4 c5 2. Nf3 d6 3. d4 cxd4 4. Nxd4 Nf6 5. Nc3 a6 6. Be3 e6 7. f3 b5 8. Qd2 Bb7 9. g4 Nfd7 10. a4 bxa4 11. Nxa4 Be7 12. g5 Qc7 13. Be2 Nc6 14. Nxc6 Qxc6 15. Qc3 0-0 16. Qxc6 Bxc6 17. 0-0 Rfb8 1/2-1/2

[Event "Pardubice Czech op-A"]
[Site "Pardubice"]
[Date "2009.07.26"]
[Round "3"]
[White "Korinek, Ondrej"]
[Black "Kanovsky, David"]
[Result "0-1"]
[WhiteElo "2275"]
[BlackElo "2483"]
[PlyCount "104"]
[EventDate "2009.07.24"]
[EventType "swiss"]
[EventRounds "9"]
[EventCountry "CZE"]
[SourceTitle "CBM 131 Extra"]
[Source "ChessBase"]
[SourceDate "2009.09.03"]
[SourceVersion "2"]
[SourceVersionDate "2009.09.16"]
[SourceQuality "1"]

1. e4 c5 2. Nf3 e6 3. d4 cxd4 4. Nxd4 a6 5. Bd3 Qc7 6. 0-0 Nf6 7. Qe2 d6 8. Nc3 Be7 9. Bd2 b5 10. a4 bxa4 11. Rxa4 0-0 12. Nb3 Bd7 13. Raa1 a5 14. Nd4 Nc6 15. Nxc6 Bxc6 16. b3 Qb7 17. f3 Rfc8 18. Rac1 Nd7 19. Bb5 Bf6 20. Bxc6 Rxc6 21. Na4 Rac8 22. Qd1 Nb6 23. Kh1 Nxa4 24. bxa4 Qa6 25. Qe1 Rc5 26. h3 h6 27. c4 Rxc4 28. Qe2 d5 29. exd5 exd5 30. Qd3 Qc6 31. Rcd1 Rxa4 32. Be3 d4 33. Bd2 Qd6 34. Rfe1 Ra2 35. Qf5 Rd8 36. Bxa5 g6 37. Qb5 Qg3 38. Rg1 Rb8 39. Be1 Qf4 40. Qd3 Rbb2 41. Qe4 Qxe4 42. fxe4 Be5 43. Rd3 Re2 44. Bg3 Bxg3 45. Rxg3 Rxe4 46. Rd3 Rae2 47. Kh2 Rf4 48. Kg3 g5 49. Rgd1 Ree4 50. Kh2 h5 51. Rg3 f6 52. Rd2 h4 0-1

[Event "CZE-chT2C 0809"]
[Site "Czech Republic"]
[Date "2009.04.05"]
[Round "11.3"]
[White "Korinek, Ondrej"]
[Black "Korenova, Martina"]
[Result "1/2-1/2"]
[WhiteElo "2262"]
[BlackElo "2238"]
[PlyCount "56"]
[EventDate "2008.10.12"]
[EventType "team-tourn"]
[EventRounds "11"]
[EventCountry "CZE"]
[SourceTitle "EXT 2010"]
[Source "ChessBase"]
[SourceDate "2010.11.25"]
[SourceVersion "1"]
[SourceVersionDate "2010.11.25"]
[SourceQuality "1"]
[WhiteTeam "Hradec Kralove II"]
[BlackTeam "Ricany"]
[WhiteTeamCountry "CZE"]
[BlackTeamCountry "CZE"]

1. e4 c5 2. Nf3 Nc6 3. d4 cxd4 4. Nxd4 e5 5. Nb5 a6 6. Nd6+ Bxd6 7. Qxd6 Qf6 8. Qc7 Qe7 9. Nc3 Nb4 10. Bd3 d5 11. Qxe7+ Nxe7 12. a3 Nxd3+ 13. cxd3 b5 14. Bd2 d4 15. Ne2 Be6 16. Rc1 Kd7 17. Bb4 Nc6 18. 0-0 Rhc8 19. Bd2 a5 20. Rc5 Kd6 21. Rxb5 Rab8 22. a4 Rxb5 23. axb5 Nb4 24. Bxb4+ axb4 25. Rc1 Rxc1+ 26. Nxc1 Kc5 27. Kf1 Kxb5 28. Ke2 Ka4 1/2-1/2